Marine steam engines and turbines (Record no. 12026)

000 -LEADER
fixed length control field 00405nam a22001577a 4500
008 - FIXED-LENGTH DATA ELEMENTS--GENERAL INFORMATION
fixed length control field 210118b ||||| |||| 00| 0 eng d
082 00 - DEWEY DECIMAL CLASSIFICATION NUMBER
Classification number 623.8722
Item number F7911
100 ## - MAIN ENTRY--PERSONAL NAME
9 (RLIN) 804
Personal name Fox, W. J.
245 10 - TITLE STATEMENT
Title Marine steam engines and turbines
250 ## - EDITION STATEMENT
Edition statement 2nd ed.
260 ## - PUBLICATION, DISTRIBUTION, ETC. (IMPRINT)
Place of publication, distribution, etc London
Name of publisher, distributor, etc Newnes
Date of publication, distribution, etc 1965
300 ## - PHYSICAL DESCRIPTION
Extent vi,476 p.
365 ## - TRADE PRICE
Unit of pricing 45.00
650 #0 - SUBJECT ADDED ENTRY--TOPICAL TERM
Topical term or geographic name as entry element Marine steam-turbines
942 ## - ADDED ENTRY ELEMENTS (KOHA)
Item type Books
Holdings
Withdrawn status Lost status Source of classification or shelving scheme Damaged status Not for loan Permanent location Current location Date acquired Source of acquisition Full call number Barcode Date last seen Koha item type
          IMU Kolkata IMU Kolkata 1969-02-17 W. Newman & Co 623.8722 F7911 03275 2021-01-18 Books
          IMU Kolkata IMU Kolkata 1969-02-17 W. Newman & Co 623.8722 F7911 03276 2021-01-18 Books
Designed and Maintained by IMU-KC Library, Kolkata Campus © Copyright All Rights Reserved

webs counters

Powered by Koha